[Event "V Festival A"]
[Site "Cesenatico ITA"]
[Date "2000.09.05"]
[Round "4"]
[White "Wittstock, Bjoern"]
[Black "Skembris, Spyridon"]
[Result "0-1"]
[WhiteElo "2123"]
[BlackElo "2475"]
[PlyCount "39"]
[EventDate "2000.09.03"]

1.Nf3 d5 2.d4 Nc6 3.c4 Bg4 4.e3 e6 5.b3 Nf6 6.Bd3 e5 7.dxe5 dxc4 8.Bxc4 
Qxd1+ 9.Kxd1 Nxe5 10.Nd2 O-O-O 11.Kc2 Nxc4 12.Nxc4 Bf5+ 13.Kb2 Ne4 14.Nfe5
Bb4 15.f3 Bc3+ 16.Ka3 Bxa1 17.fxe4 Be6 18.Bb2 Bxb2+ 19.Kxb2 Rhe8 20.Nb6+ 
0-1

[Event "V Festival A"]
[Site "Cesenatico ITA"]
[Date "2000.09.06"]
[Round "5"]
[White "Assmann, Thomas"]
[Black "Bertagnolli, Alexander"]
[Result "1/2-1/2"]
[WhiteElo "2335"]
[BlackElo "2196"]
[PlyCount "58"]
[EventDate "2000.09.03"]

1.d4 g6 2.Nf3 Bg7 3.g3 d6 4.Bg2 Nf6 5.O-O O-O 6.b3 c5 7.c4 Nc6 8.Bb2 cxd4 
9.Nxd4 Bd7 10.Nc3 Nxd4 11.Qxd4 Bc6 12.Nd5 Nh5 13.Qd2 Bxb2 14.Qxb2 e6 15.
Ne3 Qf6 16.Qa3 Bxg2 17.Kxg2 Rfd8 18.Rad1 Qe5 19.Rd2 Nf6 20.Rfd1 Ne4 21.Rc2
h5 22.Qb2 Qxb2 23.Rxb2 Kf8 24.Rd4 Nf6 25.Rbd2 Ke7 26.h3 Rac8 27.g4 Rc5 28.
Rd1 Rd7 29.R4d3 b5 1/2-1/2

[Event "V Festival A"]
[Site "Cesenatico ITA"]
[Date "2000.09.06"]
[Round "5"]
[White "Cadelli, Luciano"]
[Black "Brancaleoni, Maurizio"]
[Result "0-1"]
[WhiteElo "2113"]
[BlackElo "2199"]
[PlyCount "80"]
[EventDate "2000.09.03"]

1.d4 c5 2.d5 g6 3.g3 Bg7 4.Bg2 f5 5.Nh3 Nf6 6.O-O O-O 7.c4 Na6 8.Nc3 d6 9.
a3 Bd7 10.Qc2 Nc7 11.Nf4 Qc8 12.a4 Qe8 13.h4 Ng4 14.Bd2 Qf7 15.Rae1 Bf6 
16.Nh3 Rfe8 17.f3 Ne5 18.b3 Qg7 19.Qc1 Na6 20.Nb5 Rec8 21.Bh6 Qh8 22.Bg5 
Nb4 23.Bxf6 Qxf6 24.Qd2 Bxb5 25.axb5 a6 26.bxa6 Rxa6 27.Qg5 Nc2 28.Rd1 
Qxg5 29.Nxg5 Nd4 30.Rfe1 Ra2 31.Bf1 h6 32.Ne6 Nxb3 33.Rb1 Ra3 34.Red1 Nxc4
35.e4 Ncd2 36.Rb2 c4 37.exf5 c3 38.Rc2 gxf5 39.Bd3 Nxf3+ 40.Kf2 Nfd4 0-1

[Event "V Festival A"]
[Site "Cesenatico ITA"]
[Date "2000.09.06"]
[Round "5"]
[White "Cecchetto, Vanni"]
[Black "Perich, Stefano"]
[Result "0-1"]
[WhiteElo "2139"]
[BlackElo "2043"]
[PlyCount "78"]
[EventDate "2000.09.03"]

1.c4 c5 2.Nc3 Nc6 3.d3 Nf6 4.g3 g6 5.Bg2 Bg7 6.e3 e6 7.Nge2 O-O 8.O-O d5 
9.cxd5 exd5 10.d4 c4 11.b3 Na5 12.b4 Nc6 13.a3 b6 14.e4 dxe4 15.Nxe4 Nxe4 
16.Bxe4 Bb7 17.Rb1 Re8 18.Bg2 Qe7 19.Be3 Rad8 20.Qd2 Ne5 21.d5 Ng4 22.Nf4 
c3 23.Qc2 Nxe3 24.fxe3 Qxe3+ 25.Kh1 g5 26.Nh5 Bxd5 27.Bxd5 Rxd5 28.Nxg7 
Kxg7 29.Rxf7+ Kxf7 30.Qxh7+ Ke6 31.Rf1 Kd6 32.Qh6+ Re6 33.Qf8+ Ke5 34.Qf5+
Kd6 35.Qf8+ Kc7 36.Qa8 Qe4+ 37.Kg1 Rd7 38.Qxa7+ Qb7 39.Qa4 Re2 0-1

[Event "V Festival A"]
[Site "Cesenatico ITA"]
[Date "2000.09.06"]
[Round "5"]
[White "Cocchi, Andrea"]
[Black "Skembris, Spyridon"]
[Result "0-1"]
[WhiteElo "2261"]
[BlackElo "2475"]
[PlyCount "78"]
[EventDate "2000.09.03"]

1.Nf3 d5 2.d4 Nc6 3.Bf4 Bg4 4.e3 e6 5.Be2 Bd6 6.Bxd6 cxd6 7.c3 Nf6 8.Nbd2 
O-O 9.O-O Rc8 10.h3 Bh5 11.Rc1 Ne4 12.Re1 f5 13.c4 dxc4 14.Nxc4 Bxf3 15.
Bxf3 d5 16.Ne5 Nxe5 17.dxe5 Rxc1 18.Qxc1 Qb8 19.Bxe4 fxe4 20.Re2 Qxe5 21.
Qc5 Qh5 22.Rd2 b6 23.Qc7 Qf7 24.Rc2 g6 25.Qg3 Qf6 26.Rc7 a5 27.b3 e5 28.
Kh2 Rf7 29.Rc2 Kg7 30.Qg4 Qf5 31.Qd1 Rd7 32.Rd2 d4 33.Kg1 d3 34.Kh2 Rc7 
35.f3 exf3 36.gxf3 Rc3 37.Kg3 b5 38.Kf2 Qxh3 39.Rxd3 Rc2+ 0-1

[Event "V Festival A"]
[Site "Cesenatico ITA"]
[Date "2000.09.06"]
[Round "5"]
[White "Facchetti, Gianni"]
[Black "Callier, Christophe"]
[Result "1/2-1/2"]
[WhiteElo "2154"]
[BlackElo "2006"]
[PlyCount "130"]
[EventDate "2000.09.03"]

1.e4 e5 2.Nf3 Nc6 3.d4 exd4 4.Nxd4 Nf6 5.Nxc6 bxc6 6.e5 Qe7 7.Qe2 Nd5 8.
Nd2 Nb4 9.Nf3 Ba6 10.c4 d5 11.a3 Bxc4 12.Qd1 Bxf1 13.Kxf1 Na6 14.Qa4 Nb8 
15.Bg5 Qc5 16.Rc1 Qb6 17.b4 Be7 18.Be3 Qb7 19.Nd4 a5 20.b5 cxb5 21.Qxb5+ 
Qxb5+ 22.Nxb5 Na6 23.Ke2 Kd7 24.a4 Rhb8 25.Rhd1 c6 26.Nd4 Rb2+ 27.Kf1 Nc5 
28.Nf5 Nxa4 29.Nxe7 Kxe7 30.Rxc6 Kd7 31.Rd6+ Ke8 32.Bd4 Rb5 33.Ra1 Nb2 34.
Rb1 Rab8 35.Rxb2 Rxb2 36.Bxb2 Rxb2 37.Rxd5 a4 38.Ra5 Ra2 39.Ra7 a3 40.g3 
Ra1+ 41.Ke2 a2 42.Kf3 Kd8 43.Kf4 Kc8 44.h4 Kb8 45.Ra3 Kc7 46.h5 Kc6 47.h6 
gxh6 48.Kf5 Kd5 49.Kf6 h5 50.f4 h4 51.Ra5+ Ke4 52.Ra4+ Kd5 53.Ra5+ Ke4 54.
gxh4 Rf1 55.Rxa2 Rxf4+ 56.Kg5 Rf5+ 57.Kh6 Kxe5 58.h5 Kf6 59.Rh2 Ke7 60.
Kxh7 Rg5 61.h6 f5 62.Ra2 f4 63.Ra7+ Kf6 64.Ra6+ Kf7 65.Ra7+ Kf6 1/2-1/2

[Event "V Festival A"]
[Site "Cesenatico ITA"]
[Date "2000.09.06"]
[Round "5"]
[White "Gaiba, Paolo"]
[Black "Lagrotteria, Salvatore"]
[Result "1/2-1/2"]
[WhiteElo "2163"]
[BlackElo "2201"]
[PlyCount "95"]
[EventDate "2000.09.03"]

1.e4 c5 2.d4 cxd4 3.c3 dxc3 4.Nxc3 e6 5.Bc4 d6 6.Nf3 Nc6 7.a3 a6 8.Be3 Nf6
9.h3 Be7 10.Ba2 O-O 11.O-O b5 12.b4 Bd7 13.Qd2 Qc7 14.Rac1 Qb7 15.Bb1 Rfd8
16.Bf4 Be8 17.Rfd1 Ne5 18.Bxe5 dxe5 19.Qe3 Rxd1+ 20.Rxd1 Nd7 21.Ne2 f6 22.
Qb3 Bf7 23.Ng3 g6 24.Nh2 f5 25.Ba2 Rf8 26.Nf3 f4 27.Ne2 Bf6 28.Nc1 Nb6 29.
Nd3 Qxe4 30.Re1 Qb7 31.Nfxe5 Bxe5 32.Nxe5 Nd5 33.Qb2 h5 34.Bb1 f3 35.Nxf3 
Rc8 36.Be4 Qc7 37.Qd2 Qc3 38.Qh6 Qg7 39.Qg5 Kh8 40.Ne5 Rg8 41.Rc1 Be8 42.
Bc2 Rf8 43.Nxg6+ Bxg6 44.Qxg6 Qxg6 45.Bxg6 Nf4 46.Rc6 Nxg6 47.Rxe6 Kg7 48.
Rxa6 1/2-1/2

[Event "V Festival A"]
[Site "Cesenatico ITA"]
[Date "2000.09.06"]
[Round "5"]
[White "Gori, Andrea"]
[Black "Emami, Madjid"]
[Result "0-1"]
[WhiteElo "2201"]
[BlackElo "2171"]
[PlyCount "74"]
[EventDate "2000.09.03"]

1.e4 c6 2.c4 g6 3.Nc3 Bg7 4.d4 d6 5.Be2 Nd7 6.Nf3 e5 7.d5 Qc7 8.O-O Nh6 9.
b4 a5 10.dxc6 bxc6 11.b5 O-O 12.Ba3 Nc5 13.Rb1 f5 14.bxc6 Qxc6 15.Nd5 Kh8 
16.Rb6 Qd7 17.Nc3 Rd8 18.Qb1 Qe7 19.Rd1 fxe4 20.Nd2 e3 21.fxe3 Qg5 22.Nd5 
Bh3 23.Bf3 Rf8 24.Ne4 Nxe4 25.Bxe4 Bg4 26.Re1 Bf3 27.Bxf3 Rxf3 28.Rb8+ 
Rxb8 29.Qxb8+ Rf8 30.Qxd6 Qf5 31.Nf4 exf4 32.e4 Qf7 33.c5 f3 34.Rf1 f2+ 
35.Kh1 Ng4 36.Bc1 Be5 37.Qd2 Nxh2 0-1

[Event "V Festival A"]
[Site "Cesenatico ITA"]
[Date "2000.09.06"]
[Round "5"]
[White "Jasnig, Stelio"]
[Black "Molina, Fabrizio"]
[Result "1/2-1/2"]
[WhiteElo "2056"]
[BlackElo "2313"]
[PlyCount "126"]
[EventDate "2000.09.03"]

1.d4 e6 2.Nf3 Nf6 3.g3 c5 4.e3 b6 5.Bg2 Bb7 6.b3 Be7 7.Bb2 d5 8.Nbd2 Nbd7 
9.O-O O-O 10.Re1 Rc8 11.c4 Rc7 12.Rc1 Qa8 13.Ne5 Rd8 14.Nxd7 Rcxd7 15.Qe2 
Ne8 16.cxd5 Bxd5 17.Bxd5 Qxd5 18.Nf3 cxd4 19.Bxd4 f6 20.Ba1 Ba3 21.Rc2 Qe4
22.Rc4 Qb7 23.Rd4 e5 24.Rxd7 Qxd7 25.Bb2 Bxb2 26.Qxb2 Nc7 27.Kg2 Ne6 28.h4
e4 29.Ng1 Nc5 30.Qc2 Qd5 31.Re2 a5 32.Nh3 g5 33.hxg5 fxg5 34.Qb2 Qf5 35.
Ng1 h5 36.b4 axb4 37.Qxb4 Rd6 38.Rd2 Rxd2 39.Qxd2 Nd3 40.f4 exf3+ 41.Nxf3 
Qe4 42.Kh2 Qxf3 43.Qxd3 Qf2+ 44.Kh3 Qxa2 45.Qg6+ Kf8 46.Qxb6 Kf7 47.Qc7+ 
Kf6 48.Qd6+ Qe6+ 49.Qxe6+ Kxe6 50.Kg2 Kf5 51.Kf3 Ke5 52.Kf2 Ke4 53.Ke2 g4 
54.Kf2 Kd3 55.e4 Kxe4 56.Ke2 Kd4 57.Kd2 Kc4 58.Ke3 Kd5 59.Kf4 h4 60.gxh4 
g3 61.Kxg3 Ke5 62.Kf3 Kf6 63.Kf4 Kg6 1/2-1/2

[Event "V Festival A"]
[Site "Cesenatico ITA"]
[Date "2000.09.06"]
[Round "5"]
[White "Ragonese, Lucio Rosario"]
[Black "Di Lazzaro, Gabriele"]
[Result "1-0"]
[WhiteElo "2026"]
[BlackElo "1959"]
[PlyCount "143"]
[EventDate "2000.09.03"]

1.d4 Nf6 2.Nf3 e6 3.Bg5 c5 4.e3 cxd4 5.exd4 Be7 6.Bd3 Nc6 7.c3 b6 8.Nbd2 
Bb7 9.O-O O-O 10.Qe2 Nd5 11.Bxe7 Qxe7 12.Bc2 f5 13.Rfe1 Rac8 14.Bb3 Nf4 
15.Qe3 g5 16.d5 Nd8 17.dxe6 dxe6 18.Rad1 h6 19.Nc4 Bd5 20.Nce5 Rc7 21.Bxd5
Nxd5 22.Qd4 Kh7 23.g3 Re8 24.Qa4 Rg8 25.Nd4 Nf6 26.Nxf5 exf5 27.Nc6 Qc5 
28.Nxd8 Ne4 29.Rd7+ Rg7 30.Rxg7+ Rxg7 31.Re3 b5 32.Qd4 Qxd4 33.cxd4 Rd7 
34.Ne6 Rd6 35.f3 Nd2 36.Kf2 Nc4 37.Re2 a6 38.b3 Nb6 39.Nc5 Kg6 40.Nxa6 Nd5
41.Nc5 Nc3 42.Re6+ Rxe6 43.Nxe6 Nxa2 44.Ke3 Kf6 45.Nc7 Nc1 46.Nxb5 Nxb3 
47.Kd3 Ke6 48.Kc3 Nc1 49.Kc4 Ne2 50.d5+ Kd7 51.Nd4 Ng1 52.Kc5 g4 53.fxg4 
fxg4 54.Nf5 Nf3 55.Nxh6 Nxh2 56.Nf5 Nf3 57.Ne3 Nh2 58.Kd4 Kd6 59.Nf5+ Kd7 
60.Ke4 Nf3 61.Kf4 Nh2 62.Ne3 Kd6 63.Nxg4 Nf1 64.Ne3 Nd2 65.g4 Nb3 66.Kf5 
Nc5 67.g5 Ke7 68.Nc4 Kf7 69.Ne5+ Kg7 70.d6 Nb3 71.Ke6 Nc5+ 72.Ke7 1-0

[Event "V Festival A"]
[Site "Cesenatico ITA"]
[Date "2000.09.06"]
[Round "5"]
[White "Tomescu, Vlad"]
[Black "Costantini, Roberto"]
[Result "1/2-1/2"]
[WhiteElo "2432"]
[BlackElo "2233"]
[PlyCount "95"]
[EventDate "2000.09.03"]

1.e4 c5 2.Nf3 d6 3.d4 Nf6 4.Nc3 cxd4 5.Nxd4 a6 6.Bc4 e6 7.Bb3 Nbd7 8.f4 
Nc5 9.f5 Be7 10.Qf3 O-O 11.Be3 e5 12.Nde2 Nxb3 13.axb3 b5 14.O-O Bb7 15.
Rad1 Rc8 16.Rd2 b4 17.Nd5 Bxd5 18.exd5 Qa5 19.Ng3 e4 20.Nxe4 Nxe4 21.Qxe4 
Bf6 22.Bd4 Rfe8 23.Qf4 Bxd4+ 24.Qxd4 f6 25.h3 Re5 26.Rf4 Qa1+ 27.Kh2 Qe1 
28.Qxb4 h5 29.Qd4 Re3 30.Rdf2 Rce8 31.c4 Qc1 32.Rf1 Qc2 33.Qd1 Qxb2 34.
Qxh5 Qe5 35.Kh1 Rxb3 36.Rh4 Rg3 37.Rg4 Rxg4 38.Qxg4 Qe3 39.Rb1 Qc3 40.h4 
a5 41.Kh2 Qe5+ 42.Kh3 Qc3+ 43.g3 Qd3 44.Qh5 Qxb1 45.Qxe8+ Kh7 46.Qg6+ Kg8 
47.Qe8+ Kh7 48.Qg6+ 1/2-1/2

[Event "V Festival A"]
[Site "Cesenatico ITA"]
[Date "2000.09.07"]
[Round "6"]
[White "Adinolfi, Vincenzo"]
[Black "Lucchi, Vinicio"]
[Result "0-1"]
[WhiteElo "2132"]
[BlackElo "2135"]
[PlyCount "34"]
[EventDate "2000.09.03"]

1.d4 Nf6 2.Nf3 e6 3.Bg5 c5 4.e3 Be7 5.c3 d5 6.Nbd2 Nbd7 7.Bd3 b6 8.O-O Bb7
9.Qc2 Qc7 10.Bf4 Bd6 11.Bxd6 Qxd6 12.e4 dxe4 13.Nxe4 Nxe4 14.Bxe4 Bxe4 15.
Qxe4 O-O 16.Rfd1 Nf6 17.dxc5 Qxd1+ 0-1

[Event "V Festival A"]
[Site "Cesenatico ITA"]
[Date "2000.09.07"]
[Round "6"]
[White "Andreazza, Attilio"]
[Black "Cadelli, Luciano"]
[Result "1-0"]
[WhiteElo "2055"]
[BlackElo "2113"]
[PlyCount "63"]
[EventDate "2000.09.03"]

1.d4 d5 2.c4 e6 3.Nc3 Nf6 4.cxd5 exd5 5.Bg5 Be7 6.Qc2 h6 7.Bf4 c5 8.Nf3 
Nc6 9.dxc5 O-O 10.e3 Bxc5 11.Bb5 Nb4 12.Qa4 Bf5 13.Rc1 a6 14.Be2 Qe7 15.
O-O Rfd8 16.Rfd1 Rac8 17.Nd4 Bg6 18.a3 Nc6 19.Nxc6 Rxc6 20.b4 Bb6 21.b5 
axb5 22.Bxb5 Rcc8 23.Qb3 d4 24.exd4 Bxd4 25.Ne2 Bc5 26.a4 b6 27.Bg3 Rxd1+ 
28.Rxd1 Bh5 29.Qd3 Bg6 30.Qb3 Bxf2+ 31.Bxf2 Bc2 32.Qh3 1-0

[Event "V Festival A"]
[Site "Cesenatico ITA"]
[Date "2000.09.07"]
[Round "6"]
[White "Bertagnolli, Alexander"]
[Black "Guanciale, Orazio"]
[Result "1-0"]
[WhiteElo "2196"]
[BlackElo "2183"]
[PlyCount "63"]
[EventDate "2000.09.03"]

1.e4 e6 2.b3 d5 3.Bb2 d4 4.f4 c5 5.Nf3 a6 6.a4 Nc6 7.Na3 Qf6 8.g3 e5 9.Bg2
exf4 10.O-O fxg3 11.Nc4 gxh2+ 12.Kh1 Bg4 13.Qe1 Qd8 14.Qg3 Nh6 15.d3 Qb8 
16.e5 Be6 17.Bc1 Nf5 18.Qxh2 Nb4 19.Ng5 Nxc2 20.Nxe6 fxe6 21.Ra2 Nce3 22.
Bxe3 dxe3 23.Rxf5 exf5 24.Nxe3 Qa7 25.Nxf5 O-O-O 26.Bh3 Rxd3 27.Rd2 Rxd2 
28.Qxd2 Qb6 29.e6 Qc6+ 30.Kg1 g6 31.e7 gxf5 32.Qd8# 1-0

[Event "V Festival A"]
[Site "Cesenatico ITA"]
[Date "2000.09.07"]
[Round "6"]
[White "Brancaleoni, Maurizio"]
[Black "Casadei, Mauro"]
[Result "0-1"]
[WhiteElo "2199"]
[BlackElo "2137"]
[PlyCount "48"]
[EventDate "2000.09.03"]

1.Nf3 d5 2.d4 e6 3.c4 c5 4.cxd5 exd5 5.g3 Nc6 6.Bg2 Nf6 7.O-O Be7 8.Nc3 
O-O 9.Bg5 cxd4 10.Nxd4 h6 11.Be3 Re8 12.Rc1 Bf8 13.Na4 Ng4 14.Bf4 g5 15.
Nxc6 bxc6 16.Bd2 Ba6 17.Re1 Qf6 18.Bf3 Rxe2 19.Rc3 Nxf2 20.Qc1 Nd3 21.Bxe2
Qf2+ 22.Kh1 Nxc1 23.Bxa6 Nxa2 24.Rd3 Re8 0-1

[Event "V Festival A"]
[Site "Cesenatico ITA"]
[Date "2000.09.07"]
[Round "6"]
[White "Callier, Christophe"]
[Black "Gori, Andrea"]
[Result "0-1"]
[WhiteElo "2006"]
[BlackElo "2201"]
[PlyCount "116"]
[EventDate "2000.09.03"]

1.e4 e5 2.Bc4 Nc6 3.Nf3 Bc5 4.b4 Bxb4 5.c3 Be7 6.Qb3 Na5 7.Bxf7+ Kf8 8.Qa4
Nc6 9.Bxg8 Kxg8 10.O-O h6 11.d4 d6 12.Nbd2 Kh7 13.dxe5 dxe5 14.Nc4 Bf6 15.
Rd1 Qe8 16.Rb1 Qg6 17.Ne3 Rg8 18.Ba3 a6 19.Kh1 h5 20.Qc4 Bd8 21.Qe2 Qxe4 
22.Rxd8 Qxb1+ 23.Rd1 Qg6 24.Nh4 Qg5 25.g3 g6 26.Bc1 Be6 27.Nf3 Qf6 28.Nd5 
Bxd5 29.Rxd5 Rae8 30.Qe3 Rg7 31.Ng5+ Kg8 32.Ne4 Qf7 33.Rd7 Re7 34.Rxe7 
Nxe7 35.Qd3 Nc6 36.Bh6 Qxa2 37.Nf6+ Kh8 38.Bxg7+ Kxg7 39.Ne8+ Kf8 40.Nxc7 
Qf7 41.Qd6+ Qe7 42.Qxg6 Qxc7 43.Qxh5 Qf7 44.Qe2 a5 45.h4 Qf5 46.Qb2 Qf7 
47.Kg1 Ke8 48.h5 Kd8 49.h6 Qh7 50.Qd2+ Kc7 51.Qg5 a4 52.Qc1 b5 53.g4 Qg6 
54.f3 Nd8 55.Qe3 Qb6 56.Qxb6+ Kxb6 57.g5 Nf7 58.h7 Nh8 0-1

[Event "V Festival A"]
[Site "Cesenatico ITA"]
[Date "2000.09.07"]
[Round "6"]
[White "Costantini, Roberto"]
[Black "Inkiov, Ventzislav V."]
[Result "0-1"]
[WhiteElo "2233"]
[BlackElo "2416"]
[PlyCount "68"]
[EventDate "2000.09.03"]

1.e4 e5 2.Nf3 Nc6 3.d4 exd4 4.Nxd4 Bc5 5.Nxc6 Qf6 6.Qd2 dxc6 7.Nc3 Be6 8.
Na4 Bd6 9.Qe3 Ne7 10.f4 Qh6 11.Qf3 f5 12.Qf2 b5 13.Nc3 O-O 14.e5 Bb4 15.
Bd3 Nd5 16.Bd2 Bxc3 17.bxc3 Nb6 18.Be3 Qg6 19.Qg3 Qf7 20.Qh4 Bc4 21.Bd4 
Na4 22.O-O Bxd3 23.cxd3 Qe6 24.Qf2 Rfd8 25.Rac1 c5 26.Bxc5 Rxd3 27.Bd4 Rd8
28.Rfe1 c5 29.Be3 Nxc3 30.Bxc5 Ne4 31.Qb2 a6 32.Bb4 Qb6+ 33.Kf1 Rd2 34.
Bxd2 Qf2# 0-1

[Event "V Festival A"]
[Site "Cesenatico ITA"]
[Date "2000.09.07"]
[Round "6"]
[White "Di Lazzaro, Gabriele"]
[Black "Cecchetto, Vanni"]
[Result "1-0"]
[WhiteElo "1959"]
[BlackElo "2139"]
[PlyCount "95"]
[EventDate "2000.09.03"]

1.e4 c5 2.c3 d5 3.exd5 Qxd5 4.d4 Nc6 5.Nf3 Bg4 6.Be2 e6 7.O-O Nf6 8.Na3 
Be7 9.Be3 cxd4 10.Nb5 Qd8 11.Nbxd4 Nxd4 12.Nxd4 Bxe2 13.Qxe2 O-O 14.Rfd1 
Qa5 15.Qf3 Nd5 16.Nb3 Qc7 17.Bd4 Rfd8 18.Re1 Bd6 19.h3 e5 20.Be3 Nxe3 21.
Qxe3 a5 22.Rad1 Qc4 23.Qb6 Bc7 24.Rxd8+ Rxd8 25.Qxb7 e4 26.Nd4 g6 27.Nc6 
Qe2 28.Qxc7 Qxe1+ 29.Kh2 Rd2 30.Qb8+ Kg7 31.Qe5+ f6 32.Qc7+ Kg8 33.Nd8 
Rxd8 34.Qxd8+ Kf7 35.Qd7+ Kg8 36.Qd4 Kg7 37.Qa7+ Kg8 38.Qa8+ Kf7 39.Qb7+ 
Ke6 40.Qb6+ Kf5 41.Qxa5+ Kf4 42.Qb6 f5 43.a4 Qd2 44.a5 Kg5 45.Qe3+ Qxe3 
46.fxe3 f4 47.Kg1 fxe3 48.Kf1 1-0

[Event "V Festival A"]
[Site "Cesenatico ITA"]
[Date "2000.09.07"]
[Round "6"]
[White "Emami, Madjid"]
[Black "Assmann, Thomas"]
[Result "0-1"]
[WhiteElo "2171"]
[BlackElo "2335"]
[PlyCount "60"]
[EventDate "2000.09.03"]

1.Nf3 Nf6 2.d4 e6 3.g3 b5 4.Bg2 Bb7 5.O-O c5 6.e3 cxd4 7.exd4 Be7 8.Nbd2 
O-O 9.a3 Qc7 10.Ne5 d6 11.Bxb7 Qxb7 12.Nd3 Nc6 13.Nf3 a5 14.Nf4 d5 15.Re1 
b4 16.Ng5 bxa3 17.bxa3 Rac8 18.c4 dxc4 19.d5 Rcd8 20.Qc2 exd5 21.Rb1 Qa6 
22.Qf5 Qc8 23.Qc2 h6 24.Nf3 Bd6 25.Kg2 Rfe8 26.Rd1 Bxf4 27.Bxf4 Re4 28.Bc1
Qa6 29.Nd2 Re2 30.Qf5 c3 0-1

[Event "V Festival A"]
[Site "Cesenatico ITA"]
[Date "2000.09.07"]
[Round "6"]
[White "Jasnig, Stelio"]
[Black "Cocchi, Andrea"]
[Result "0-1"]
[WhiteElo "2056"]
[BlackElo "2261"]
[PlyCount "64"]
[EventDate "2000.09.03"]

1.e3 g6 2.f4 Bg7 3.Nf3 c5 4.Nc3 Nc6 5.b3 Nf6 6.Bb2 O-O 7.Be2 d6 8.O-O b6 
9.a3 Bb7 10.Rb1 d5 11.d4 Ng4 12.Qd2 Nxe3 13.Qxe3 cxd4 14.Qd3 dxc3 15.Bxc3 
Bxc3 16.Qxc3 Qd6 17.Qd2 Rad8 18.b4 f6 19.h4 Kg7 20.Nh2 Bc8 21.Bg4 Bxg4 22.
Nxg4 f5 23.Nh2 e5 24.fxe5 Nxe5 25.Qd4 Qf6 26.Rbe1 Ng4 27.Nf3 Rfe8 28.Rxe8 
Qxd4+ 29.Nxd4 Rxe8 30.Nb5 Re2 31.c3 Ne3 32.Rf2 Re1+ 0-1

[Event "V Festival A"]
[Site "Cesenatico ITA"]
[Date "2000.09.07"]
[Round "6"]
[White "Kowalczyk, Martin"]
[Black "Ragonese, Lucio Rosario"]
[Result "0-1"]
[WhiteElo "2120"]
[BlackElo "2026"]
[PlyCount "80"]
[EventDate "2000.09.03"]

1.e4 c6 2.d4 d5 3.Nc3 dxe4 4.Nxe4 Nd7 5.Bc4 Ngf6 6.Ng5 e6 7.Qe2 Nb6 8.Bb3 
c5 9.N1f3 Bd6 10.dxc5 Bxc5 11.O-O O-O 12.Bf4 Nbd5 13.Be5 Bd6 14.Bxd6 Qxd6 
15.Rad1 Qc7 16.Rd4 h6 17.Ne4 Bd7 18.Nxf6+ Nxf6 19.Ne5 Bc6 20.Nxc6 Qxc6 21.
Rfd1 Rac8 22.c3 Qb6 23.Qd3 Rc5 24.Rd6 Rc6 25.Rxc6 Qxc6 26.Bc2 Rc8 27.h4 
Kf8 28.Qd4 a6 29.Qb4+ Kg8 30.Rd6 Qc7 31.Rd1 g6 32.g3 Nd5 33.Qg4 Kg7 34.Qe2
Nf6 35.Qd3 Qb6 36.Qd4 Qxb2 37.Rd3 Qxc2 38.Rf3 e5 39.Qxe5 Rc6 40.g4 Qe4 0-1

[Event "V Festival A"]
[Site "Cesenatico ITA"]
[Date "2000.09.07"]
[Round "6"]
[White "Lagrotteria, Salvatore"]
[Black "Di Lao, Riccardo"]
[Result "0-1"]
[WhiteElo "2201"]
[BlackElo "2138"]
[PlyCount "62"]
[EventDate "2000.09.03"]

1.Nf3 Nf6 2.g3 d5 3.Bg2 c6 4.b3 Bg4 5.Bb2 Nbd7 6.O-O Bxf3 7.Bxf3 e5 8.d3 
Bd6 9.Nd2 O-O 10.e4 Re8 11.c3 Nc5 12.Qc2 Rc8 13.Rfd1 Qb6 14.Nf1 Ne6 15.Ne3
dxe4 16.dxe4 Bc5 17.Nc4 Qc7 18.b4 b5 19.Na3 Bf8 20.Qe2 a5 21.Nc2 c5 22.Na3
c4 23.Nxb5 Qb6 24.Na3 axb4 25.Nxc4 Qc5 26.Nxe5 bxc3 27.Nd3 Qc4 28.Rac1 Nd4
29.Qe3 Nd5 30.Ne5 Nxe3 31.Nxc4 Nxf3+ 0-1

[Event "V Festival A"]
[Site "Cesenatico ITA"]
[Date "2000.09.07"]
[Round "6"]
[White "Molina, Fabrizio"]
[Black "Gaiba, Paolo"]
[Result "1-0"]
[WhiteElo "2313"]
[BlackElo "2163"]
[PlyCount "61"]
[EventDate "2000.09.03"]

1.c4 e5 2.g3 Nc6 3.Bg2 Bc5 4.Nc3 a6 5.a3 d6 6.Nf3 Bd7 7.O-O Qc8 8.Nd5 Nge7
9.Nxe7 Nxe7 10.d4 exd4 11.Nxd4 Bh3 12.b4 Bxg2 13.Kxg2 Bxb4 14.Qa4+ Qd7 15.
Qxb4 c5 16.Qc3 cxd4 17.Qxd4 O-O 18.Bb2 Nf5 19.Qd5 Rfe8 20.Rfe1 Rac8 21.e4 
Rc5 22.Qd3 Qc6 23.f3 Ne7 24.Rac1 Rc8 25.Red1 Rxc4 26.Rxc4 Qxc4 27.Qxd6 
Qe2+ 28.Kh3 h6 29.Qe5 f6 30.Qxe7 Rc2 31.Qe6+ 1-0

[Event "V Festival A"]
[Site "Cesenatico ITA"]
[Date "2000.09.07"]
[Round "6"]
[White "Naumkin, Igor"]
[Black "Drazic, Sinisa"]
[Result "0-1"]
[WhiteElo "2440"]
[BlackElo "2508"]
[PlyCount "58"]
[EventDate "2000.09.03"]

1.d4 d6 2.c4 Nf6 3.Nc3 d5 4.Nf3 dxc4 5.a4 Bf5 6.e3 e6 7.Bxc4 Bb4 8.O-O O-O
9.Nh4 Bg4 10.f3 Bh5 11.g4 Bg6 12.Nxg6 hxg6 13.Kh1 Nbd7 14.e4 c5 15.dxc5 
Ne5 16.Be2 Bxc5 17.Qxd8 Rfxd8 18.Kg2 Nd3 19.Rd1 Nb4 20.g5 Nh5 21.Bd2 Nc2 
22.Rac1 Ne3+ 23.Bxe3 Bxe3 24.Rxd8+ Rxd8 25.Rc2 Bxg5 26.Nb5 a6 27.Nc3 Bf4 
28.Bf1 Be5 29.Ne2 Kf8 0-1

[Event "V Festival A"]
[Site "Cesenatico ITA"]
[Date "2000.09.07"]
[Round "6"]
[White "Ori, Marco"]
[Black "Wittstock, Bjoern"]
[Result "1-0"]
[WhiteElo "2060"]
[BlackElo "2123"]
[PlyCount "61"]
[EventDate "2000.09.03"]

1.e4 c6 2.Nc3 d5 3.Nf3 dxe4 4.Nxe4 Bg4 5.h3 Bxf3 6.Qxf3 e6 7.Bc4 Nd7 8.O-O
Ne5 9.Qb3 Nxc4 10.Qxc4 Qd5 11.Qe2 O-O-O 12.d3 h6 13.Be3 Kb8 14.Rfd1 Nf6 
15.Qe1 Be7 16.c4 Qf5 17.Ng3 Qg6 18.Qa5 c5 19.b4 Rxd3 20.Bf4+ Ka8 21.bxc5 
Rc8 22.Bd6 Bd8 23.Qa4 Rxd1+ 24.Rxd1 Rc6 25.Qb5 Ne4 26.Be5 Bh4 27.Rd7 Nxc5 
28.Rxb7 Nxb7 29.Qxc6 Qb1+ 30.Kh2 Bxg3+ 31.Bxg3 1-0

[Event "V Festival A"]
[Site "Cesenatico ITA"]
[Date "2000.09.07"]
[Round "6"]
[White "Skembris, Spyridon"]
[Black "Collutiis, Duilio"]
[Result "1/2-1/2"]
[WhiteElo "2475"]
[BlackElo "2286"]
[PlyCount "100"]
[EventDate "2000.09.03"]

1.d4 Nf6 2.c4 g6 3.Nc3 Bg7 4.e4 d6 5.Bd3 O-O 6.Nge2 e5 7.d5 c6 8.O-O a5 9.
Bg5 h6 10.Bd2 Na6 11.a3 Bd7 12.dxc6 bxc6 13.Na4 d5 14.Ng3 Be6 15.cxd5 cxd5
16.Qe2 Bd7 17.Bxa6 Bxa4 18.exd5 Nxd5 19.Bc4 Nf4 20.Qe3 Bc6 21.f3 Kh7 22.
Rac1 Bd5 23.Bxd5 Qxd5 24.Bc3 Rfd8 25.Ne2 Nd3 26.Rcd1 Qb5 27.a4 Qa6 28.Nc1 
Nxc1 29.Rxc1 Rd3 30.Qf2 Rad8 31.Rce1 R3d5 32.Qg3 Qc6 33.Qh4 Bf6 34.Qe4 Bg7
35.Rc1 f5 36.Qc2 R8d7 37.Qb3 Qc5+ 38.Kh1 Qe3 39.Qc2 e4 40.fxe4 Qxe4 41.
Qxe4 fxe4 42.Rce1 Bxc3 43.bxc3 Re7 44.Rf4 g5 45.Rf6 Kg7 46.Rc6 e3 47.h3 e2
48.Kg1 h5 49.Rc4 Kf6 50.Rc6+ Kg7 1/2-1/2

[Event "V Festival A"]
[Site "Cesenatico ITA"]
[Date "2000.09.07"]
[Round "6"]
[White "Voltolini, Giuseppe"]
[Black "Tomescu, Vlad"]
[Result "0-1"]
[WhiteElo "2279"]
[BlackElo "2432"]
[PlyCount "98"]
[EventDate "2000.09.03"]

1.d4 Nc6 2.Nf3 d6 3.d5 Ne5 4.Nxe5 dxe5 5.g3 e6 6.c4 exd5 7.cxd5 f5 8.e4 
Nf6 9.Nc3 fxe4 10.Bg2 Bc5 11.Nxe4 Nxe4 12.Qh5+ g6 13.Qxe5+ Kf7 14.Bxe4 Re8
15.Qf4+ Bf5 16.f3 Kg8 17.Kd1 Bxe4 18.fxe4 Qd7 19.b3 Qg7 20.e5 Qxe5 21.Qxe5
Rxe5 22.Bf4 Rxd5+ 23.Kc2 Bb4 24.a3 Rc5+ 25.Kb1 Bc3 26.Ra2 Be5 27.Bd2 Rd8 
28.Re1 Rd3 29.Re3 Rxe3 30.Bxe3 Rc3 31.Bxa7 Rxb3+ 32.Kc2 Rc3+ 33.Kd1 b6 34.
a4 Rc5 35.Rd2 Kf7 36.Rd7+ Ke6 37.Rxh7 Ra5 38.Bb8 Rxa4 39.Rh6 Rg4 40.Ke2 
Kd7 41.Kf3 Ra4 42.Rxg6 Ra8 43.Rxb6 cxb6 44.Bxe5 Ra2 45.h4 b5 46.g4 b4 47.
h5 Ke6 48.Bd4 b3 49.h6 Rh2 0-1

[Event "V Festival A"]
[Site "Cesenatico ITA"]
[Date "2000.09.08"]
[Round "7"]
[White "Assmann, Thomas"]
[Black "Skembris, Spyridon"]
[Result "1/2-1/2"]
[WhiteElo "2335"]
[BlackElo "2475"]
[PlyCount "128"]
[EventDate "2000.09.03"]

1.d4 d5 2.Nf3 Nc6 3.Bf4 Bg4 4.e3 e6 5.Be2 Bd6 6.Bg3 Nf6 7.c4 dxc4 8.O-O 
O-O 9.Bxd6 Qxd6 10.Na3 Qb4 11.Nxc4 Bxf3 12.gxf3 Rad8 13.f4 Nd5 14.Rc1 Qe7 
15.Bf3 Qh4 16.Bg2 f5 17.Nd2 Rf6 18.Nf3 Qg4 19.Ng5 Qh4 20.Nf3 Qh5 21.Ne5 
Qxd1 22.Rfxd1 Nxe5 23.fxe5 Rf7 24.Rc5 c6 25.Bxd5 Rxd5 26.Rxd5 exd5 27.f4 
a5 28.Kf2 Kf8 29.Ke2 Rc7 30.b3 Rc8 31.Rg1 b6 32.h4 Kf7 33.Rg5 h6 34.Rg1 g6
35.Kd3 c5 36.Rc1 Rc6 37.Rc3 Ke6 38.Rc1 Kd7 39.Rg1 h5 40.Rc1 Kc7 41.a3 Kd7 
42.dxc5 bxc5 43.Rc3 Rc7 44.b4 cxb4 45.axb4 axb4 46.Rxc7+ Kxc7 47.Kc2 Kd7 
48.Kb3 g5 49.fxg5 d4 50.exd4 f4 51.g6 Ke7 52.d5 f3 53.d6+ Kd7 54.g7 f2 55.
g8=Q f1=Q 56.Qh7+ Ke6 57.Qe7+ Kd5 58.d7 Qc4+ 59.Ka4 Qa6+ 60.Kxb4 Qb6+ 61.
Ka4 Qa6+ 62.Kb3 Qc4+ 63.Ka3 Qa6+ 64.Kb2 Qe2+ 1/2-1/2